Cargando...

Aakaasam

Detalles Bibliográficos
Autor Principal: Sivasankara Pillai, Thakazhi; Author
Formato: Printed Book
Publicado: Kottayam, D C Books 2004
Subjects:
LEADER 005770000a22001930004500
020 |a 81-264-0797-2 
040 |a MAL 
082 |a A3 SIV/AK P4 
100 |a Sivasankara Pillai, Thakazhi; Author 
245 |a Aakaasam 
250
260 |a Kottayam, D C Books 
260 |c 2004 
460 |a 77p 
465 |a Rs.40.00 
500 |a Thakazhi Sivasankara Pillai 
650 |a Malayalam fiction 
999 |c 37738  |d 37738 
952 |0 0  |1 0  |4 0  |6 A_000000000000000_3_SIVAK_P4  |7 0  |8 MAL  |9 38242  |a MGUL  |b MGUL  |d 2013-07-16  |e Rs.40.00  |l 3  |m 2  |o A3 SIV/AK P4  |p 37025  |r 2020-11-03  |s 2020-02-07  |w 2013-07-16  |y BK